LEADER 00691nam a2200193 i 4500 001 000000139068 003 CaOOAMICUS 005 20061031000000.0 008 061031s1956 it u000 u ita u 013 $a113072 040 $aSeMil$bita 245 10$aCanone e Consacrazione. 300 $aXII, 360 p. 700 1 $aSchnitzler, Theodor <1910-1982>.$0(OLS)http://semarc/name/7693 773 0 $aSchnitzler, Theodor <1910-1982>$tMeditazioni sulla S. Messa.$dRoma : Herder, [195?]$g1$w()16725 850 $aSeMil 852 $aSeMil$W1$xVenegono$y1$m3K V 472$j92507$B92507$CSeMilBibl$Z2$F117075 $81 961 $aRecupero: Altro 996 $6245$aCanone e Consacrazione$9(OLS)http://semarc/title/203246 LEADER 01199nam a2200253 i 4500 001 000000178327 003 CaOOAMICUS 005 20230710113940.0 008 170113s1908 it u000 u ita u 013 $a155898 040 $aSeMil$bita 100 1 $aMusorgskij, Modest Petrovic.$0(OLS)http://semarc/name/91078 245 10$aBoris Godunov :$bdramma popolare in un prologo e quattro atti (da Puskin e Karamsin) /$cparole e musica di Modest Petrovic Musorgskij ; nuova versione italiana di G. Macchi ed E. Magni. 260 $aMilano :$bCasa musicale Sonzogno,$c1908. 260 $aParigi :$bW. Bessel & C.,$c1908. 300 $a80 p. ;$c18 cm. 700 1 $aMagni, E.$0(OLS)http://semarc/name/93655 700 1 $aMacchi, G.$0(OLS)http://semarc/name/60378 850 $aSeMil 852 $aSeMil$W1$xVenegono$y1$m5B III 69/1$j242097$B245879$CSeMilBibl$Z2$F245879 $81 996 $6245$aBoris Godunov :$bdramma popolare in un prologo e quattro atti (da Puskin e Karamsin)$9(OLS)http://semarc/title/408984 996 $6260$aParigi :$bW. Bessel & C.$9(OLS)http://semarc/publisher/57339 996 $6260$aMilano :$bCasa musicale Sonzogno$9(OLS)http://semarc/publisher/39608